Services Marketing (Record no. 280)

MARC details
000 -LEADER
fixed length control field 00394nam a22001697a 4500
005 - DATE AND TIME OF LATEST TRANSACTION
control field 20160429123425.0
008 - FIXED-LENGTH DATA ELEMENTS--GENERAL INFORMATION
fixed length control field 160429b xxu||||| |||| 00| 0 eng d
020 ## - INTERNATIONAL STANDARD BOOK NUMBER
ISBN 81-7446477-8
041 ## - LANGUAGE CODE
Language code of text/sound track or separate title eng
082 ## - DEWEY DECIMAL CLASSIFICATION NUMBER
Item number 00849
100 ## - MAIN ENTRY--AUTHOR NAME
Personal name Bhattacharjee-C
245 ## - TITLE STATEMENT
Title Services Marketing
260 ## - PUBLICATION, DISTRIBUTION, ETC. (IMPRINT)
Place of publication New Delhi
Name of publisher Excel Books,
Year of publication 2006
300 ## - PHYSICAL DESCRIPTION
Number of Pages 695
650 ## - SUBJECT ADDED ENTRY--TOPICAL TERM
Topical Term Management
942 ## - ADDED ENTRY ELEMENTS (KOHA)
Koha item type Books
Holdings
Lost status Damaged status Collection code Home library Current library Shelving location Date acquired Cost, normal purchase price Full call number Accession Number Koha item type
    Reference JRU Library   SHELF-29-F 29/04/2016 350.00 00849 00849 Books
    MANAGEMENT JRU Library JRU Library SHELF- 68 H 29/04/2016 350.00 00849 00850 Books
    MANAGEMENT JRU Library JRU Library SHELF- 68 H 29/04/2016 350.00 00849 00851 Books
    MANAGEMENT JRU Library JRU Library SHELF- 68 H 29/04/2016 350.00 00849 00852 Books